Star Wars Characters by Pez Dispenser Quiz Stats

 Plays Quiz Updated Jul 26, 2016

Score 0/16 Timer 03:00
4 Plays Today
% Correct
Darth Vader
99.5%
Yoda
94.3%
R2-D2
94%
C-3PO
91.6%
Chewbacca
91.2%
Princess Leia
89.6%
Stormtrooper
89.1%
Darth Maul
84.2%
% Correct
Luke Skywalker
81.4%
Obi-Wan Kenobi
81%
Boba Fett
77.9%
Emperor Palpatine
75.9%
Ewok
75.7%
Anakin Skywalker
67.3%
Kylo Ren
61.9%
General Grievous
55.7%

You're not logged in!

Compare scores with friends on all Sporcle quizzes.
OR
Log In

You Might Also Like...

Show Comments

Extras

Top Quizzes Today


Score Distribution

Your Account Isn't Verified!

In order to create a playlist on Sporcle, you need to verify the email address you used during registration. Go to your Sporcle Settings to finish the process.

Report this User

Report this user for behavior that violates our Community Guidelines.

Details: